<?xml version="1.0" encoding="UTF-8"?>
<record
    xmlns:xsi="http://www.w3.org/2001/XMLSchema-instance"
    xsi:schemaLocation="http://www.loc.gov/MARC21/slim http://www.loc.gov/standards/marcxml/schema/MARC21slim.xsd"
    xmlns="http://www.loc.gov/MARC21/slim">

  <leader>01580nam a22002537a 4500</leader>
  <controlfield tag="003">OSt</controlfield>
  <controlfield tag="005">20211222121205.0</controlfield>
  <controlfield tag="008">111212t        xxu||||| |||| 00| 0 eng d</controlfield>
  <datafield tag="020" ind1=" " ind2=" ">
    <subfield code="a">9781111825935</subfield>
  </datafield>
  <datafield tag="020" ind1=" " ind2=" ">
    <subfield code="a">1111825939</subfield>
  </datafield>
  <datafield tag="040" ind1=" " ind2=" ">
    <subfield code="c">LC</subfield>
  </datafield>
  <datafield tag="050" ind1=" " ind2=" ">
    <subfield code="a">HB172.M47</subfield>
  </datafield>
  <datafield tag="100" ind1=" " ind2=" ">
    <subfield code="q">McEachern, William A.</subfield>
  </datafield>
  <datafield tag="245" ind1=" " ind2=" ">
    <subfield code="a">Microeconomics. /</subfield>
    <subfield code="c">William A. McEachern</subfield>
  </datafield>
  <datafield tag="250" ind1=" " ind2=" ">
    <subfield code="a">3rd ed.</subfield>
    <subfield code="b">(Instructor edition)</subfield>
  </datafield>
  <datafield tag="260" ind1=" " ind2=" ">
    <subfield code="a">Mason:</subfield>
    <subfield code="b">South-Western,</subfield>
    <subfield code="c">2012.</subfield>
  </datafield>
  <datafield tag="300" ind1=" " ind2=" ">
    <subfield code="a">xi, 356 p.:</subfield>
    <subfield code="b">ill. ;</subfield>
  </datafield>
  <datafield tag="500" ind1=" " ind2=" ">
    <subfield code="a">Includes index.</subfield>
  </datafield>
  <datafield tag="501" ind1=" " ind2=" ">
    <subfield code="a">Includes Instructor notes</subfield>
  </datafield>
  <datafield tag="505" ind1=" " ind2=" ">
    <subfield code="a">Contents: 1 Introduction to economics: The art and science of economic analysis -- Economic tools and economic systems -- Economic decision makers -- Demand, supply and markets -- 2. Introduction to the market system: Elasticity of demand and supply -- Consumer choice and demand -- Production and cost in the firm -- 3. Market structure and pricing -- Perfect competition -- Monopoly -- Monopolistic competition and oligopoly -- 4. Resource markets: Resource markets -- Labor markets and labor unions -- Capital, interest, entrepreneurship, and corporate finance -- Transaction costs, imperfect information, and behavioral economics -- 5 Market failure and public policy: Economic regulation and antitrust policy -- Public goods and public choice -- Externalities and the environment -- Income distribution and poverty -- 6. International economics: International trade -- International finance -- Economic development --           </subfield>
  </datafield>
  <datafield tag="650" ind1=" " ind2=" ">
    <subfield code="a">Microeconomics.</subfield>
  </datafield>
  <datafield tag="650" ind1=" " ind2=" ">
    <subfield code="a">Cases. </subfield>
  </datafield>
  <datafield tag="942" ind1=" " ind2=" ">
    <subfield code="2">lcc</subfield>
    <subfield code="c">BK</subfield>
  </datafield>
  <datafield tag="999" ind1=" " ind2=" ">
    <subfield code="c">8362</subfield>
    <subfield code="d">15862</subfield>
  </datafield>
  <datafield tag="952" ind1=" " ind2=" ">
    <subfield code="0">0</subfield>
    <subfield code="1">0</subfield>
    <subfield code="2">lcc</subfield>
    <subfield code="4">0</subfield>
    <subfield code="7">0</subfield>
    <subfield code="a">WIUC-KL</subfield>
    <subfield code="b">WIUC-KL</subfield>
    <subfield code="c">GEN</subfield>
    <subfield code="d">2019-10-23</subfield>
    <subfield code="l">0</subfield>
    <subfield code="o">HB172.M47(3e)</subfield>
    <subfield code="p">K/457/457/19</subfield>
    <subfield code="r">2021-12-22 00:00:00</subfield>
    <subfield code="w">2021-12-22</subfield>
    <subfield code="y">BK</subfield>
  </datafield>
</record>
